| 000 | 00711nam a2200253 a 4500 | ||
|---|---|---|---|
| 005 | 20210219153527.0 | ||
| 008 | 991125n 000 0 u | ||
| 035 | _aUPN01000104841 | ||
| 100 | _aBelli, Gabriella | ||
| 222 | _aERS SPECTRUM | ||
| 245 | _aA view from the field after one year of school-based management | ||
| 300 | _a31-38 | ||
| 362 | _a11, No. 1, 1993 | ||
| 505 | _aJulio 1993 | ||
| 653 | 0 | _aACTITUDES DEL ADMINISTRADOR | |
| 653 | 0 | _aDESCENTRALIZACION | |
| 653 | 0 | _aDIRECCION DE ESCUELA BASICA | |
| 653 | 0 | _aDIRECTORES | |
| 653 | 0 | _aEVALUACION DE PROGRAMAS | |
| 653 | 0 | _aPARTICIPACION DEL MAESTRO | |
| 700 | _aLingen, Gabriele van | ||
| 904 |
_aAC _b042652 |
||
| 905 | _aArticulo | ||
| 999 |
_c79122 _d79122 |
||